Learning Resource and Development

Creativity : (Record no. 13236)

MARC details
000 -LEADER
fixed length control field 01032nam a22003137a 4500
005 - DATE AND TIME OF LATEST TRANSACTION
control field 20230512224106.0
008 - FIXED-LENGTH DATA ELEMENTS--GENERAL INFORMATION
fixed length control field 230328t xxu||||| |||| 00| 0 eng d
020 ## - INTERNATIONAL STANDARD BOOK NUMBER
International Standard Book Number 9780838937778
040 ## - CATALOGING SOURCE
Transcribing agency CSPC
050 0# - LIBRARY OF CONGRESS CALL NUMBER
Classification number Z675.U5
082 0# - DEWEY DECIMAL CLASSIFICATION NUMBER
Classification number 153.35
Item number F181c
100 ## - MAIN ENTRY--PERSONAL NAME
Personal name Falciani- White, Nancy,
Relator term author.
245 00 - TITLE STATEMENT
Title Creativity :
Remainder of title a toolkit for academic libraries /
Statement of responsibility, etc. Nancy Falciani-White.
260 ## - PUBLICATION, DISTRIBUTION, ETC.
Place of publication, distribution, etc. Chicago, Illinois:
Name of publisher, distributor, etc. Association of College and Research Libraries,
Date of publication, distribution, etc. 2021.
300 ## - PHYSICAL DESCRIPTION
Extent xi, 149 pages :
Other physical details illustrations ;
Dimensions 23 cm.
336 ## - CONTENT TYPE
Source rdacontent
Content type term text
337 ## - MEDIA TYPE
Source rdamedia
Media type term unmediated
338 ## - CARRIER TYPE
Source rdacarrier
Carrier type term volume
504 ## - BIBLIOGRAPHY, ETC. NOTE
Bibliography, etc. note Includes bibliographical references.
650 10 - SUBJECT ADDED ENTRY--TOPICAL TERM
Topical term or geographic name entry element Creative ability.
650 10 - SUBJECT ADDED ENTRY--TOPICAL TERM
Topical term or geographic name entry element Academic libraries
General subdivision Administration.
650 10 - SUBJECT ADDED ENTRY--TOPICAL TERM
Topical term or geographic name entry element Organizational behavior.
650 10 - SUBJECT ADDED ENTRY--TOPICAL TERM
Topical term or geographic name entry element Academic libraries
Form subdivision Employees.
940 ## - EQUIVALENCE OR CROSS-REFERENCE--UNIFORM TITLE [OBSOLETE] [CAN/MARC only]
Uniform title <a href="jessa f">jessa f</a>
940 ## - EQUIVALENCE OR CROSS-REFERENCE--UNIFORM TITLE [OBSOLETE] [CAN/MARC only]
Uniform title <a href="mae">mae</a>
942 ## - ADDED ENTRY ELEMENTS (KOHA)
Koha item type
-- CIR 153.35 F181c 2021
Holdings
Withdrawn status Lost status Damaged status Not for loan Home library Current library Shelving location Date acquired Total Checkouts Full call number Barcode Date last seen Copy number Price effective from Koha item type
        Main Library Main Library Circulation Section 05/12/2023   CIR 153.35 F181c 2021 025307 05/12/2023 1-1 05/12/2023 Books